Women's Tennis Top 100 - Statistics

General Stats
  • This quiz has been taken 1,180 times
  • The average score is 32 of 100
Answer Stats
Ranking Country Answer % Correct
6 USA Serena Williams
98%
47 USA Venus Williams
97%
1 Russia Maria Sharapova
96%
11 China Li Na
90%
2 Belarus Victoria Azarenka
89%
56 Canada Aleksandra Wozniack
84%
3 Poland Agnieszka Radwanska
82%
7 Denmark Caroline Wozniacki
82%
5 Australia Sam Stosur
81%
63 Poland Urszula Radwanska
81%
4 Czech Republic Petra Kvitova
80%
14 Serbia Ana Ivanovic
77%
9 Germany Angelique Kerber
74%
8 France Marion Bartoli
70%
22 Serbia Jelena Jankovic
68%
10 Italy Sara Errani
65%
40 Romania Simona Halep
62%
27 Italy Francesca Schiavone
61%
33 Russia Svetlana Kuznetsova
58%
15 Germany Sabine Lisicki
56%
20 Italy Roberta Vinci
54%
12 Slovakia Dominika Cibulkova
53%
16 Estonia Kaia Kanepi
50%
17 Italy Flavia Pennetta
49%
50 Belgium Kim Clijsters
49%
57 USA Sloane Stephens
45%
18 Germany Andrea Petkovic
43%
21 Czech Republic Lucie Safarova
43%
38 Spain Carla Suarez Navarro
42%
24 Slovakia Daniela Hantuchova
42%
32 China Jie Zheng
38%
73 France Alize Cornet
37%
31 China Shuai Peng
36%
19 Russia Maria Kirilenko
35%
49 Israel Shahar Peer
34%
54 Russia Ekaterina Makarova
33%
25 Germany Julia Goerges
33%
51 Romania Sorana Cirstea
33%
39 Bulgaria Tsvetana Pironkova
33%
34 Russia Anastasia Pavyuchenkova
28%
23 Russia Nadia Petrova
28%
37 Belgium Yanina Wickmayer
27%
85 Netherlands Kiki Bertens
26%
13 Russia Vera Zvonareva
26%
82 Russia Elena Vesnina
25%
30 Romania Monica Niculescu
25%
89 Sweden Johanna Larsson
24%
74 Japan Kimiko Date-Krumm
24%
62 Kazakhstan Yaroslava Shvedova
24%
46 New Zealand Marina Erakovic
23%
71 Netherlands Arantxa Rus
21%
60 Czech Republic Barbora Zahlavova Strycova
21%
61 Romania Irina-Camelia Begu
21%
65 Chinese Taipei Su-Wei Hsieh
21%
95 Luxembourg Mandy Minella
20%
68 Hungary Timea Babos
20%
91 Great Britain Elena Baltacha
18%
67 Czech Republic Lucie Hradecka
18%
42 Croatia Perta Martic
18%
28 Spain Anabel Medina Garrigues
17%
43 South Africa Chanelle Scheepers
17%
45 Spain Maria Jose Martinez Sanchez
17%
78 France Pauline Parmentier
17%
58 Austria Tamira Paszek
17%
52 USA Varvara Lepchenko
17%
29 USA Christina McHale
16%
44 Slovenia Polona Hercog
16%
48 Sweden Sofia Arvidsson
16%
90 France Virginie Razzano
16%
76 Great Britain Anne Keothavong
14%
59 USA Vania King
14%
79 Netherlands Michaella Krajicek
13%
94 Belarus Olga Govortsova
13%
70 Georgia Anna Tatishvili
12%
35 Czech Republic Klara Zakopalova
12%
98 Ukraine Lesia Tsurenko
12%
80 France Mathilde Johansson
12%
96 Uzbekistan Akgul Amanmuradova
11%
92 Czech Republic Andrea Hlavackova
11%
87 Greece Eleni Daniilidou
11%
55 Kazakhstan Galina Voskoboeva
11%
75 Australia Jarmila Gajdosova
11%
53 Czech Republic Iveta Benesova
9%
83 Spain Lourdes Dominguez Lino
9%
26 Czech Republic Petra Cetkovska
9%
69 Switzerland Romina Oprandi
9%
41 Kazakhstan Ksenia Pervak
8%
99 USA Jamie Hampton
7%
81 Romania Alexandra Cadantu
6%
36 Germany Mona Barthel
6%
64 Spain Silvia Soler-Espinosa
6%
72 Russia Alexandra Panova
4%
84 Japan Ayumi Morita
4%
86 USA Irina Falconi
4%
100 Spain Laura Pous-Tio
4%
77 France Stephanie Foretz Gacon
4%
66 Ukraine Kateryna Bondarenko
3%
88 Russia Nina Bratchikova
2%
97 Austria Patricia Mayr-Achleitner
2%
93 Russia Vera Duchevina
2%
No matching quizzes found
Score Distribution
Percent of People with Each Score
Percentile by Number Answered
Your Score History
You have not taken this quiz